000 00798nam a2200229Ia 4500
001 9214
003 GE_BSU
008 181216s||||||||xx |||||||||||||| ||und||
040 _cGE_BSU
080 _a821.353.1-32
100 _aლორთქიფანიძე,კონსტანტინე
245 _aგაუმარჯოს დონკიხოტს
245 _bმოთხრობები
245 _cრედ:ლ.ნანიტაშვილი;მხატვ:დ.დუნდუა
260 _aთბილისი.
260 _bსაბჭ.საქართველო
260 _c1975
300 _a550გვ;21სმ
653 _aგაუმარჯოს დონკიხოტს
653 _aმოთხრობები
942 _cBK
999 _c42517
_d42517